Primer on the rheumatic diseases / (Record no. 39)

000 -LEADER
fixed length control field 01197cam a2200361 a 4500
001 - CONTROL NUMBER
control field 14785735
003 - CONTROL NUMBER IDENTIFIER
control field OSt
005 - DATE AND TIME OF LATEST TRANSACTION
control field 20210411103110.0
008 - FIXED-LENGTH DATA ELEMENTS--GENERAL INFORMATION
fixed length control field 070327s2008 nyua b 001 0 eng
010 ## - LIBRARY OF CONGRESS CONTROL NUMBER
LC control number 2007925709
020 ## - INTERNATIONAL STANDARD BOOK NUMBER
International Standard Book Number 9780387356648 (alk. paper)
040 ## - CATALOGING SOURCE
Original cataloging agency DLC
Transcribing agency DLC
Modifying agency DLC
050 00 - LIBRARY OF CONGRESS CALL NUMBER
Classification number RC927
Item number .P67 2008
080 ## - UNIVERSAL DECIMAL CLASSIFICATION NUMBER
Universal Decimal Classification number 617.3
Item number P-92
082 00 - DEWEY DECIMAL CLASSIFICATION NUMBER
Classification number 616.7/23
Edition number 22
245 00 - TITLE STATEMENT
Title Primer on the rheumatic diseases /
Statement of responsibility, etc. edited by John H. Klippel ... [et al.].
250 ## - EDITION STATEMENT
Edition statement 13th ed.
260 ## - PUBLICATION, DISTRIBUTION, ETC.
Place of publication, distribution, etc. New York, NY :
Name of publisher, distributor, etc. Springer,
Date of publication, distribution, etc. c2008.
300 ## - PHYSICAL DESCRIPTION
Extent xix, 721 p. :
Other physical details ill. (some col.) ;
Dimensions 28 cm.
365 ## - TRADE PRICE
Price amount 18.87 usd
504 ## - BIBLIOGRAPHY, ETC. NOTE
Bibliography, etc. note Includes bibliographical references and index.
650 #0 - SUBJECT ADDED ENTRY--TOPICAL TERM
Topical term or geographic name entry element Rheumatism.
650 #0 - SUBJECT ADDED ENTRY--TOPICAL TERM
Topical term or geographic name entry element Medicine
9 (RLIN) 69
650 #0 - SUBJECT ADDED ENTRY--TOPICAL TERM
Topical term or geographic name entry element Arthritis.
653 ## - INDEX TERM--UNCONTROLLED
Uncontrolled term რევმატიზმი
653 ## - INDEX TERM--UNCONTROLLED
Uncontrolled term მედიცინა
653 ## - INDEX TERM--UNCONTROLLED
Uncontrolled term ართრიტები
700 1# - ADDED ENTRY--PERSONAL NAME
Personal name Klippel, John H.
856 41 - ELECTRONIC LOCATION AND ACCESS
Materials specified Table of contents only
Uniform Resource Identifier <a href="http://www.loc.gov/catdir/toc/fy1001/2007925709.html">http://www.loc.gov/catdir/toc/fy1001/2007925709.html</a>
906 ## - LOCAL DATA ELEMENT F, LDF (RLIN)
a 7
b cbc
c orignew
d 2
e epcn
f 20
g y-gencatlg
942 ## - ADDED ENTRY ELEMENTS (KOHA)
Source of classification or shelving scheme
Koha item type Books
Edition 13
Holdings
Withdrawn status Lost status Source of classification or shelving scheme Damaged status Not for loan Permanent location Current location Date acquired Inventory number Full call number Barcode Date last seen Price effective from Koha item type Total Checkouts
          Ken Walker International University Ken Walker International University 11/05/2020 53 616.3 P-92 53 11/05/2020 11/05/2020 Books  
          Ken Walker International University Ken Walker International University 11/17/2020 984 617.3 P-92 984 11/17/2020 11/17/2020 Books  

Powered by Koha